| 000 | 00806nam a2200253Ia 4500 | ||
|---|---|---|---|
| 003 | GCL | ||
| 008 | 140319s9999 xx 000 0 ara d | ||
| 040 |
_aGCL / _cGCL |
||
| 082 | 0 | 4 |
_a810.9 _bم م |
| 100 | 1 | _aمصطفى الشكعة | |
| 245 | 1 | 0 |
_aمناهج التاليف عند العلماء العرب : _bقسم الادب / _cمصطفى الشكعة |
| 250 | _aالرابعة | ||
| 260 |
_aبيروت : _bدار العلم للملايين ، _c1982 |
||
| 300 |
_a784 ص ؛ _c22 سم |
||
| 650 | 0 | 4 | _aالشعر العربى |
| 650 | 0 | 4 | _aالادب العربى |
| 650 | 0 | 4 | _aالادب |
| 650 | 0 | 4 | _aدواوين وقصائد |
| 650 | 0 | 4 | _aالبلاغة العربية |
| 650 | 0 | 4 | _aالبلاغة |
| 650 | 0 | 4 | _aالتأليف |
| 650 | 0 | 4 | _aتاريخ ونقد |
| 942 |
_2ddc _cBK |
||
| 999 |
_c27815 _d27815 |
||